Sistema de información, banco de datos, biblioteca, documentación e información Instituto Nacional de Aprendizaje
Salvato in:
| Autore principale: | |
|---|---|
| Natura: | Libro |
| Pubblicazione: |
San José, Costa Rica
1991
|
| Soggetti: | |
| Tags: |
Aggiungi Tag
Nessun Tag, puoi essere il primo ad aggiungerne!!
|
MARC
| LEADER | 00000nam a2200000Ia 4500 | ||
|---|---|---|---|
| 003 | 007397 | ||
| 005 | 20221231144305.0 | ||
| 008 | 140114s1991 cr a m 000 ||s d | ||
| 040 | |c cru CEDI | ||
| 090 | |a TFG 3113 | ||
| 100 | |a Mora Morales, Franklin |9 11434 | ||
| 245 | |a Sistema de información, banco de datos, biblioteca, documentación e información Instituto Nacional de Aprendizaje | ||
| 260 | |c 1991 |a San José, Costa Rica | ||
| 300 | |a 257 hojas ; 28 cm. | ||
| 500 | |a Proyecto de graduacion (licenciatura en ingenieria industrial)--Universidad de Costa Rica. Facultad de Ingenieria. Escuela de Ingenieria Industrial | ||
| 650 | |x INSTITUTO NACIONAL DE APRENDIZAJE (COSTA RICA).. DEPARTAMENTO DE BIBLIOTECA, DOCUMENTACION E INFORMACION - AUTOMATIZACION |x SISTEMAS DE INFORMACION - COSTA RICA |x BANCOS DE DATOS - COSTA RICA |9 11435 | ||
| 942 | |c TFG | ||
| 999 | |c 19663 |d 19663 | ||
